[Event "225th YMCA Winter B"]
[Site "Warsaw"]
[Date "2020.06.04"]
[Round "12"]
[White "Potocki, Karol"]
[Black "Safanowski, Tomasz"]
[Result "1-0"]
[WhiteElo "1845"]
[BlackElo "1834"]
[PlyCount "51"]
[EventDate "2020.01.08"]
[EventType "tourn"]
[EventRounds "1"]
[EventCountry "POL"]
[SourceDate "2020.01.08"]

1. d4 d5 2. c4 dxc4 3. e3 Nf6 4. Bxc4 e6 5. Nf3 c5 6. O-O a6 7. Bb3 Nc6 8. Nc3
cxd4 9. exd4 Be7 10. Re1 O-O 11. a3 Na5 12. Bc2 b5 13. d5 Nxd5 14. Nxd5 exd5
15. Qd3 g6 16. Bh6 Bf5 17. Bxf8 Bxd3 18. Bxe7 Qd7 19. Bxd3 Re8 20. Bf6 Re6 21.
Rxe6 Qxe6 22. Bc3 Nc4 23. Bxc4 dxc4 24. Re1 Qd7 25. Ne5 Qd5 26. Nxc4 1-0

[Event "225th YMCA Winter B"]
[Site "Warsaw"]
[Date "2020.06.11"]
[Round "13"]
[White "Dabrowski, Leszek"]
[Black "Potocki, Karol"]
[Result "0-1"]
[WhiteElo "1598"]
[BlackElo "1845"]
[PlyCount "88"]
[EventDate "2020.01.08"]
[EventType "tourn"]
[EventRounds "1"]
[EventCountry "POL"]
[SourceDate "2020.01.08"]

1. c4 c6 2. Nc3 d5 3. cxd5 cxd5 4. Nf3 Nc6 5. d4 Nf6 6. Bg5 Ne4 7. Nxe4 dxe4 8.
d5 Qa5+ 9. Qd2 e6 10. Qxa5 Nxa5 11. Nd2 exd5 12. e3 Be6 13. Rc1 a6 14. a3 Bd6
15. b4 Nc6 16. Be2 O-O 17. O-O Rfc8 18. Rfd1 Be5 19. Rc2 f5 20. Nb3 h6 21. Bf4
Bxf4 22. exf4 Nd8 23. Rdc1 Rxc2 24. Rxc2 Rc8 25. Rxc8 Bxc8 26. a4 Ne6 27. g3
Kf8 28. Kf1 Ke7 29. Ke1 Bd7 30. b5 axb5 31. axb5 b6 32. Kd2 g5 33. fxg5 hxg5
34. f3 Kd6 35. fxe4 fxe4 36. h4 gxh4 37. gxh4 Ke5 38. h5 d4 39. Bg4 e3+ 40. Ke1
d3 41. h6 Kf6 42. h7 Kg7 43. Bf5 Nc5 44. Nxc5 Bxf5 0-1

[Event "225th YMCA Winter B"]
[Site "Warsaw"]
[Date "2020.06.10"]
[Round "13"]
[White "Sloniewska, Alicja"]
[Black "Koziol, Pawel"]
[Result "0-1"]
[WhiteElo "1683"]
[BlackElo "1788"]
[PlyCount "68"]
[EventDate "2020.01.08"]
[EventType "tourn"]
[EventRounds "1"]
[EventCountry "POL"]
[SourceDate "2020.01.08"]

1. d4 Nf6 2. c4 e6 3. Nc3 Bb4 4. Qc2 O-O 5. Bg5 h6 6. Bh4 d5 7. cxd5 exd5 8.
Nf3 c6 9. e3 Nbd7 10. Bd3 Re8 11. O-O Nf8 12. a3 Be7 13. b4 a6 14. Bxf6 Bxf6
15. a4 Bg4 16. Be2 Qd6 17. Rab1 Ne6 18. Rfd1 Bxf3 19. Bxf3 Ng5 20. Be2 Rac8 21.
Qd3 Bd8 22. Bg4 Rc7 23. b5 axb5 24. axb5 Rce7 25. Rdc1 g6 26. bxc6 bxc6 27. Na4
h5 28. Be2 Bc7 29. g3 h4 30. Qc3 hxg3 31. Qxc6 gxf2+ 32. Kxf2 Qxh2+ 33. Kf1
Qh1+ 34. Kf2 Nh3# 0-1